000 00698nam a22002537a 4500
001 092
003 DO-SdBNP
005 20221121094833.0
008 151005b19uu sp 00| 0 spa d
020 _a8470021184
040 _aBPMSU
_bspa
_cBPMSU
082 _a843
_bR197c
_222
100 1 _aRanic, Claude
245 1 3 _aEl carnaval de los buitres /
_cClaude Ranic ; traducción José Ma. Roca
260 _aBarcelona :
_bLitografía Rosés,
_c[19--].
300 _a151 p. ;
_c18 cm.
490 0 _aEl observador
_v64
590 _6Inventariado, 2022/VM
650 4 _aNovela francesa
700 1 _aRoca, José Ma.
_etrad.
830 0 _aEl observador
_n64
910 _aVMateo V./Validado
942 _2ddc
_cBK
999 _c8528
_d8528